000
00324nam a2200121Ia 4500
008
230717s1999 xx 000 0 und d
020
_a
81-7588-056-2
041
_a
eng
082
_a
346.07
_b
GUR
100
_a
Gururaj B. N
245
_a
Modvat : Law And Procedures
260
_a
New Delhi
_b
Centax Publications Pvt. Ltd.
_c
1999
999
_c
673532
_d
673532